Normal view
MARC view
- ROTOR-DYNAMICS.MECHANICAL ENGINEERING.ROTORDYNAMICS
Entry Topical Term
001 - CONTROL NUMBER
- control field: 59200
003 - CONTROL NUMBER IDENTIFIER
- control field: NUST
005 - DATE AND TIME OF LATEST TRANSACTION
- control field: 20210628202309.0
008 - FIXED-LENGTH DATA ELEMENTS
- fixed length control field: 210628|| aca||aabn | a|a d
040 ## - CATALOGING SOURCE
- Original cataloging agency: NUST
- Transcribing agency: NUST
150 ## - HEADING--TOPICAL TERM
- Topical term or geographic name entry element: ROTOR-DYNAMICS.MECHANICAL ENGINEERING.ROTORDYNAMICS
670 ## - SOURCE DATA FOUND
- Source citation: Work cat.: (NUST): Muszynska , Agnieszka . Agnes 59199, Rotordynamics, 2005
